000 00664nam a22001937a 4500
005 20180310122201.0
010 _aENG-110098
020 _a9789350481868
_c300.00
035 _aB-667808
037 _bDBAD/PUB
082 _a483
100 _aVaishnav, Harmik
245 _aDictionary of confusable words /
_cby Harmik Vaishnav
260 _aNew Delhi
_bPrabhat Books
_c2016
270 _a4/19 Asaf Ali Road
_bNew Delhi
_e110002
300 _a175p.
_c22cm(Hb)
942 _2ddc
_cEN
_h483
_mVAI
999 _c150320
_d150320